000 00266nam a2200109Ia 4500
008 240625s9999 xx 000 0 und d
041 _aeng
082 _a658.5
100 _aAQUILANO CHASE JACOBS
245 _aOPERATIONS MANAGEMENT FOR COMPETITIVE AD
260 _c2004
999 _c33023
_d33023